| 000 | 01061nam a2200277Ia 4500 | ||
|---|---|---|---|
| 001 | ebr10067263 | ||
| 003 | CaPaEBR | ||
| 006 | m u | ||
| 007 | cr cn||||||||| | ||
| 008 | 031126s2002 nyu s 000 0 eng d | ||
| 020 | _z0306466856 | ||
| 040 |
_aCaPaEBR _cCaPaEBR |
||
| 035 | _a(OCoLC)70721971 | ||
| 050 | 1 | 4 |
_aQC771 _b.A38 v.26 2002eb |
| 245 | 0 | 0 |
_aAdvances in nuclear physics. _nVol. 26 / _h[electronic resource] / _cedited by J. W. Negele, E. W. Vogt. |
| 260 |
_aNew York : _bKluwer Academic Publishers, _cc2002. |
||
| 300 | _axx, 386 p. | ||
| 533 |
_aElectronic reproduction. _bPalo Alto, Calif. : _cebrary, _d2009. _nAvailable via World Wide Web. _nAccess may be limited to ebrary affiliated libraries. |
||
| 650 | 0 | _aNuclear physics. | |
| 650 | 0 | _aNuclear energy. | |
| 655 | 7 |
_aElectronic books. _2local |
|
| 700 | 1 | _aNegele, John W. | |
| 700 | 1 |
_aVogt, Erich W., _d1929- |
|
| 710 | 2 | _aebrary, Inc. | |
| 856 | 4 | 0 |
_uhttp://site.ebrary.com/lib/rucke/Doc?id=10067263 _zAn electronic book accessible through the World Wide Web; click to view |
| 999 |
_c162543 _d162543 |
||